000 00693nam a2200253 a 4500
001 0001-1292
003 ELIB.Books
008 150702 2010 eng
020 _a0800715268
035 _a(ELIB.Books)0001-1447
092 _a248.4
_bPea
100 _aPeale, Norman Vincent
245 _aPower of the Plus Factor:
_bThe Little Extra That Makes You A Winner
250 _aSpecial FCL Edition
260 _aPawling
_bFoundation for Christian Living
_c1987
300 _a215
_c21 Cm
500 _aLibrary
650 _aChristian Life
856 _nKBTS: Library
_uKBTS: Elib
942 _2ddc
_cBK
990 _a1
998 _cbat
_e2015-07-02
999 _c11292
_d11292